000 01075nmm a2200325 a 4500
001 ocm0001231976
003 TR-IsHL
005 20201028155632.0
008 150709s2013 tu tur
007 cr cn
020 _a9786054599738
035 _a1231976
_b(N$T)
050 0 4 _aPZ90.T8
_bÇ55 2013
090 0 4 _aPZ90.T8
_bÇ55 2013
100 1 _aÇimen, Meryem
245 1 0 _aOğuz kağan
_h[electronic resource] /
_cMeryem Çimen ; çizen Meryem Çimen ; editör Oğuzalp Cengiz
260 _aİstanbul :
_bBilgeoğuz Yayınları,
_c2013
300 _a33 p.
650 4 _aDil ve Edebiyat
650 4 _aLanguage and Literature
650 0 _aÇizgi roman, Türk
650 0 _aComics, Turkish
650 0 _aDede Korkut Hikayeleri
650 0 _aHalk Edebiyatı
_xTürk
650 0 _aFolk literature, Turkish
650 7 _aJUVENILE FICTION / Comics & Graphic Novels / General
_2bisacsh
700 1 _aÇimen, Meryem
700 1 _aCengiz, Oğuzalp
856 4 0 _uhttp://search.ebscohost.com/login.aspx?direct=true&scope=site&db=e011xww&AN=1231976
999 _c13185
_d13185